Proyecto de Código civil

Uloženo v:
Podrobná bibliografie
Médium: Kniha
Jazyk:španělština
Vydáno: Santiago Imprenta Chilena 1853
Témata:
Tagy: Přidat tag
Žádné tagy, Buďte první, kdo vytvoří štítek k tomuto záznamu!

MARC

LEADER 00000cam a2200000 a 4500
001 UCF8833
003 CL-VaPUC
008 131011e18530000cl |||||||||||||||||spa|d
082 0 4 |a 346.830026  |b PRO  |2 21 
245 1 0 |a Proyecto de Código civil 
300 |a 831 p 
942 |c BK 
945 |d 20131011 10:45:00  |a cmena 
260 |a Santiago  |b Imprenta Chilena  |c 1853 
500 |a Proyecto de Código civil, enero de 1853; empastado con Proyecto Código civil, febrero de 1853; Proyecto de Código civil, marzo de 1853; 
650 7 |a PROYECTOS DE LEY  |2 CL-VaPUC  |9 388710 
650 0 |a Código civil chileno  |9 255931 
650 0 |a Derecho civil chileno  |9 320612 
650 0 |a Ordenamiento jurídico   |9 355371 
583 |a last modification  |c 20131014 11:17:15  |k Rodrigo Vera 
999 |c 353364  |d 353362 
952 |0 0  |1 0  |2 ddc  |3 erd  |4 0  |5 1  |6 346_830026000000000_PRO_1853  |7 1  |8 C_LRYV  |9 458516  |a FDOBRV  |b BIBDER  |d 2019-11-23  |i 5020026  |o 346.830026 PRO 1853  |p 5020026  |r 2023-01-25  |w 2019-11-23  |y BK_X  |z Catalogado en:20131011  |k BRV